El otoño del patriarca
Salvato in:
| Autore principale: | |
|---|---|
| Natura: | Libro |
| Lingua: | spagnolo |
| Pubblicazione: |
Barcelona
Bruguera
1980
|
| Serie: | Colección de Literatura Universal Bruguera, 3
|
| Soggetti: | |
| Tags: |
Aggiungi Tag
Nessun Tag, puoi essere il primo ad aggiungerne!!
|
MARC
| LEADER | 00000nam a2200000 a 4500 | ||
|---|---|---|---|
| 001 | UCX5210 | ||
| 003 | CL-VaPUC | ||
| 008 | 921006e19800000SP |||||||||||||||||spa|d | ||
| 020 | |a 8402067050 | ||
| 082 | 0 | 4 | |a Co863 |b GAR |2 21 |
| 100 | 0 | |a García Márquez, Gabriel |e author |9 318478 | |
| 245 | 1 | 3 | |a El otoño del patriarca |
| 300 | |a 344 p | ||
| 942 | |c BK | ||
| 945 | |d 19921006 00:00:00 | ||
| 260 | |a Barcelona |b Bruguera |c 1980 | ||
| 650 | 0 | |a Novelas colombianas |9 266734 | |
| 583 | |a last modification |c 19921006 00:00:00 |k Rodrigo Vera | ||
| 490 | 0 | |a Colección de Literatura Universal Bruguera, 3 | |
| 999 | |c 225508 |d 225506 | ||
| 952 | |0 0 |1 0 |4 0 |6 CO_863_000000000000000_GAR_1980 |7 0 |8 A |9 223073 |a BIBEDU |b BIBEDU |d 2019-11-15 |i 2919273 |o Co863 GAR 1980 |p 2919273 |r 2019-11-15 |w 2019-11-15 |y BK |k LIT | ||
| 952 | |0 0 |1 0 |4 0 |6 CO_863_000000000000000_GAR_1980 |7 0 |8 A |9 223074 |a BIBEDU |b BIBEDU |d 2019-11-15 |i 4741021 |l 2 |o Co863 GAR 1980 |p 4741021 |r 2022-04-08 |s 2022-03-31 |w 2019-11-15 |y BK |k LIT | ||